Central Library OPAC University of Rajshahi

Sedimentology : (Record no. 10587)

MARC details
000 -LEADER
fixed length control field 00733nam a2200253 a 4500
001 - CONTROL NUMBER
control field 10587
003 - CONTROL NUMBER IDENTIFIER
rucl marc code BD-RjUL
005 - DATE AND TIME OF LATEST TRANSACTION
control field 20211208235000.0
008 - FIXED-LENGTH DATA ELEMENTS--GENERAL INFORMATION
fixed length control field 140125s1982 enk b 001 0 eng d
020 ## - INTERNATIONAL STANDARD BOOK NUMBER
International Standard Book Number 0045510539
International Standard Book Number 0045510547 (pbk)
035 ## - SYSTEM CONTROL NUMBER
System control number (BD-RjUL)10635
040 ## - CATALOGING SOURCE
Original cataloging agency BD-RjUL
Language of cataloging eng
Transcribing agency BD-RjUL
041 ## - LANGUAGE CODE
Language code of text/sound track or separate title eng
082 ## - DEWEY DECIMAL CLASSIFICATION NUMBER
Classification number 551.35
Author mark and year LES 1985
100 1# - MAIN ENTRY--PERSONAL NAME
Personal name Leeder, M. R.
Fuller form of name (Mike R.)
9 (RLIN) 32730
245 10 - TITLE STATEMENT
Title Sedimentology :
Remainder of title process and product /
Statement of responsibility, etc. M.R. Leeder.
260 ## - PUBLICATION, DISTRIBUTION, ETC. (IMPRINT)
Place of publication, distribution, etc. London :
Name of publisher, distributor, etc. Allen & Unwin,
Date of publication, distribution, etc. c1982.
300 ## - PHYSICAL DESCRIPTION
Pagination xiv, 344 p. :
Illustrations ill., maps ;
Size 24 cm.
504 ## - BIBLIOGRAPHY, ETC. NOTE
Bibliography, etc Bibliography: p. 320-338. and index.
650 #0 - SUBJECT ADDED ENTRY--TOPICAL TERM
Topical term or geographic name as entry element Sedimentation and deposition.
9 (RLIN) 32437
942 ## - ADDED ENTRY ELEMENTS (KOHA)
Source of classification or shelving scheme Dewey Decimal Classification
Koha item type Books
Holdings
Lost status Source of classification or shelving scheme Damaged status Not for loan Collection code Permanent Location Current Location Shelving location Date acquired Source of acquisition Cost, normal purchase price Total Checkouts Full call number Date last seen Copy number Koha item type Date checked out
  Dewey Decimal Classification     Non-fiction Central Library, University of Rajshahi Central Library, University of Rajshahi   02/08/1988 Manik Bro. 26.32   551.35 LES 1985 25/01/2014 C-4 Books  
  Dewey Decimal Classification     Non-fiction Central Library, University of Rajshahi Central Library, University of Rajshahi   09/04/1986 Karim International 12.95 3 551.35 LES 1985 28/01/2017 C-2 Books 20/11/2016
  Dewey Decimal Classification   Not For Loan Non-fiction Central Library, University of Rajshahi Central Library, University of Rajshahi Reading Room 09/04/1986 Karim International 12.95   551.35 LES 1985 15/12/2015 C-1 Books  
  Dewey Decimal Classification     Non-fiction Central Library, University of Rajshahi Central Library, University of Rajshahi   02/08/1988 Mullick Brather Dacca 26.52   551.35 LES 1985 10/01/2019 C-3 Books